| 000 | 00609nam a22002057a 4500 | ||
|---|---|---|---|
| 003 | OSt | ||
| 005 | 20140310182936.0 | ||
| 008 | 130201t xxu||||| |||| 00| 0 eng d | ||
| 020 | _a9711010585 | ||
| 050 |
_aPL 6152 _b.Al317 2001 |
||
| 082 |
_aFIL 306.466 _bA316 2001 |
||
| 245 |
_aMultimedia multicultural children's literature in the Philippines _ba historical perspective _cAlabado, Ceres S.C. |
||
| 260 |
_aQuezon City _bNew Day Publishers _cc2001 |
||
| 300 |
_a 255 p. _bill. _c 23 cm. |
||
| 521 | _aCollege | ||
| 526 | _c1210L-1700L | ||
| 541 | _j1 | ||
| 562 | _e1 | ||
| 942 |
_2lcc _cBK _kFIL |
||
| 999 |
_c17614 _d17614 |
||